000 00933cam a2200265 i 4500
999 _c7466
_d7466
005 20200309093444.0
008 170719t20172017ii b b 001 0 eng
010 _a 2017325426
020 _a9788131608364
025 _aI-E-2017325426; 85-14
037 _bLibrary of Congress -- New Delhi Overseas Office
042 _alcode
_apcc
043 _aa-ii---
050 0 0 _aHD1333.I42
_bA643 2017
082 _223rd ed.
_a333.3209
_bTRI
100 1 _aTrinadha Rao, P.
_eauthor.
245 1 0 _aTribal land question :
_bcase of Andhra Pradesh /
_cPalla Trinadha Rao.
300 _axxi, 256 pages :
_bmaps ;
_c22 cm
504 _aIncludes bibliographical references (pages 243-252) and index.
650 0 _aLand tenure
_zIndia
_zAndhra Pradesh.
650 0 _aTribes
_zIndia
_xGovernment policy
_zAndhra Pradesh.
906 _a7
_bcbc
_corigode
_d3
_encip
_f20
_gy-gencatlg
942 _2ddc